00584nam a2200169Ia 4500008004100000020001500041041001200056100001700068245004300085250000800128260003300136300000800169650001200177942000700189999001700196952020100213221030s9999 xx 000 0 und d a0972718508 aEnglish aT. R. Khanna 0aFountain of Inner Joycby T. R. Khanna a2nd bWisdom Pub.aNew Delhic2001 a116 aGeneral cBK c15026d15026 pBE 13597g10.00l1eGifted by JD MIETq2026-01-30r2023-04-07 00:00:00s2023-04-07w2022-10-30yBK003Print4070aMIETLIBbMIETLIBcBL-Academic Block B, FL-2, CUP-0, SH-0, R-0d2013-10-1410HBE